Heráclito: textos y problemas de su interpretación
Zapisane w:
| 1. autor: | |
|---|---|
| Format: | Książka |
| Język: | hiszpański |
| Wydane: |
Ciudad de México
Siglo Veintiuno
1983
|
| Wydanie: | 7a. ed |
| Hasła przedmiotowe: | |
| Etykiety: |
Dodaj etykietę
Nie ma etykietki, Dołącz pierwszą etykiete!
|
MARC
| LEADER | 00000nam a2200000 a 4500 | ||
|---|---|---|---|
| 001 | UCZ2637 | ||
| 003 | CL-VaPUC | ||
| 008 | 951005e19830000MX |||||||||||||||||spa|d | ||
| 082 | 0 | 4 | |a 182.4 |b MON |2 21 |
| 100 | |a Mondolfo, Rodolfo |e autor |9 339183 | ||
| 245 | 1 | 0 | |a Heráclito: textos y problemas de su interpretación |
| 250 | |a 7a. ed | ||
| 300 | |a 394 p | ||
| 942 | |c BK | ||
| 945 | |d 19951005 00:00:00 |a cmena | ||
| 260 | |a Ciudad de México |b Siglo Veintiuno |c 1983 | ||
| 600 | 0 | |a HERACLITO |9 848988 | |
| 650 | 0 | |a Filosofía antigua |9 255705 | |
| 650 | 0 | |a Filosofía presocrática |9 345540 | |
| 650 | 0 | |a Ética |9 255099 | |
| 650 | 0 | |a Filosofía griega |9 265579 | |
| 651 | 0 | |a Grecia |9 265314 | |
| 583 | |a last modification |c 20170531 12:12:36 |k Rodrigo Vera | ||
| 999 | |c 239202 |d 239200 | ||
| 952 | |0 0 |1 0 |4 0 |6 182_400000000000000_MON_1983 |7 0 |8 P |9 250109 |a BIBEDU |b BIBEDU |c BIBEDU_PB |d 2019-11-18 |i 1569155 |o 182.4 MON 1983 |p 1569155 |r 2024-01-25 |w 2019-11-18 |y BK |k FIL | ||